[Event "Belt and Road op-A"]
[White "Gu, Xianghan"]
[Black "Wang, Qinxuanyi"]
[Site "Aksu"]
[Round "4"]
[Result "1/2-1/2"]
[Date "2024.10.18"]
[WhiteElo "2256"]
[BlackElo "2154"]
[PlyCount "60"]
[EventDate "2024.10.16"]
[EventType "swiss"]
[EventRounds "9"]
[EventCountry "CHN"]
[SourceTitle "CB43_2024"]
[Source "Chessbase"]
[SourceDate "2024.10.23"]
[SourceVersion "1"]
[SourceVersionDate "2024.10.23"]
[SourceQuality "1"]

1. d4 d5 2. c4 c6 3. Nc3 Nf6 4. cxd5 cxd5 5. Bf4 Nc6 6. e3 Bf5 7. Qb3 Na5 8. Bb5+ Bd7 9. Qc2 e6 10. Bd3 Rc8 11. Nf3 Bb4 12. 0-0 0-0 13. a3 Bxc3 14. bxc3 Nc4 15. Rfb1 b6 16. Ne5 Nxe5 17. Bxe5 Ne4 18. Bxe4 dxe4 19. Qxe4 Rxc3 20. d5 exd5 21. Qxd5 Rc5 22. Qd4 Bf5 23. Rd1 Qxd4 24. Bxd4 Rc2 25. a4 Rc6 26. a5 Bc2 27. Rdc1 bxa5 28. Rxa5 a6 29. f3 Rfc8 30. Kf2 Bd3 1/2-1/2

[Event "Belt and Road op-A"]
[White "Gusain, Himal"]
[Black "Gu, Xianghan"]
[Site "Aksu"]
[Round "1"]
[Result "1-0"]
[Date "2024.10.16"]
[WhiteElo "2522"]
[BlackElo "2256"]
[PlyCount "158"]
[EventDate "2024.10.16"]
[EventType "swiss"]
[EventRounds "9"]
[EventCountry "CHN"]
[SourceTitle "CB43_2024"]
[Source "Chessbase"]
[SourceDate "2024.10.23"]
[SourceVersion "1"]
[SourceVersionDate "2024.10.23"]
[SourceQuality "1"]

1. d4 Nf6 2. Nf3 e6 3. c4 Bb4+ 4. Nbd2 d6 5. a3 Bxd2+ 6. Bxd2 Qe7 7. Qc2 a5 8. Bc3 Nbd7 9. b3 0-0 10. e3 e5 11. Be2 b6 12. 0-0 Bb7 13. b4 axb4 14. axb4 Rfe8 15. dxe5 Nxe5 16. Nxe5 dxe5 17. Rxa8 Rxa8 18. Qb2 Nd7 19. Rd1 f6 20. h3 Nf8 21. Qc2 Qe8 22. Bd3 Kh8 23. Be4 Bxe4 24. Qxe4 Ra3 25. Be1 Qa8 26. Qb1 Kg8 27. Kh2 Qe8 28. Qe4 Qa8 29. Rd5 Ra1 30. Bd2 Ra2 31. Qg4 Qe8 32. Qd1 Ra8 33. c5 Rd8 34. e4 Ne6 35. cxb6 cxb6 36. Be3 b5 37. Bb6 Rb8 38. Rd6 Kh8 39. Qd5 Nf4 40. Qd2 h6 41. g3 Ne6 42. h4 Kh7 43. Qd5 Nf8 44. Ba7 Ra8 45. Qb7 Qc8 46. Qf7 Kh8 47. Be3 Qc4 48. Qxc4 bxc4 49. Rc6 Rb8 50. Rxc4 Kg8 51. h5 Ne6 52. Kh3 Kf7 53. Kg4 g6 54. hxg6+ Kxg6 55. Kf3 h5 56. Ke2 f5 57. exf5+ Kxf5 58. Kd3 Rb7 59. Rh4 Kg6 60. Kc4 Ng7 61. Bc5 Nf5 62. Re4 Kf6 63. Kd5 Rd7+ 64. Kc6 Rd2 65. b5 Nd4+ 66. Bxd4 exd4 67. b6 d3 68. b7 Rc2+ 69. Kd7 Rb2 70. Kc7 Rc2+ 71. Kb8 d2 72. Rd4 Ke5 73. Rd8 Ke4 74. f4 Kf3 75. f5 Rc5 76. Rxd2 Rxf5 77. Rd3+ Ke4 78. Ra3 Rf7 79. Ka8 Kd5 1-0

[Event "Abu Dhabi op-A 30th"]
[White "Gu, Xianghan"]
[Black "Soham, Kamotra"]
[Site "Abu Dhabi"]
[Round "3"]
[Result "0-1"]
[Date "2024.08.17"]
[WhiteElo "2305"]
[BlackElo "2382"]
[PlyCount "56"]
[EventDate "2024.08.15"]
[EventType "swiss"]
[EventRounds "9"]
[EventCountry "UAE"]
[SourceTitle "EXT 2025"]
[Source "ChessBase"]
[SourceDate "2024.10.14"]
[SourceVersion "1"]
[SourceVersionDate "2024.10.14"]
[SourceQuality "1"]

1. d4 Nf6 2. c4 e6 3. g3 c5 4. d5 exd5 5. cxd5 d6 6. Nc3 g6 7. Bg2 Bg7 8. Nf3 0-0 9. 0-0 Re8 10. Bf4 h6 11. a4 g5 12. Bc1 Bf5 13. Nd2 Na6 14. e4 Bg6 15. Re1 Nb4 16. Nc4 a6 17. a5 Qe7 18. f4 Bh5 19. Qd2 gxf4 20. gxf4 Ng4 21. e5 Qh4 22. h3 dxe5 23. fxe5 Nxe5 24. Nxe5 Bxe5 25. Re4 Qg3 26. Qxh6 Bd4+ 27. Kh1 Rxe4 28. Nxe4 Qe1+ 0-1

[Event "Dubai Police op-A"]
[White "Al Blooshi, Hamad Essa"]
[Black "Gu, Xianghan"]
[Site "Dubai"]
[Round "7"]
[Result "0-1"]
[Date "2024.05.10"]
[WhiteElo "2206"]
[BlackElo "2344"]
[PlyCount "112"]
[EventDate "2024.05.04"]
[EventType "swiss"]
[EventRounds "9"]
[EventCountry "UAE"]
[SourceTitle "CBM 220 Extra"]
[Source "ChessBase"]
[SourceDate "2024.07.31"]
[SourceVersion "1"]
[SourceVersionDate "2024.07.31"]
[SourceQuality "1"]

1. d4 d6 2. e4 Nf6 3. Nc3 e5 4. Nf3 Nbd7 5. Bc4 Be7 6. 0-0 0-0 7. Re1 c6 8. a4 h6 9. h3 Re8 10. Be3 a5 11. Qe2 Qc7 12. Bb3 exd4 13. Nxd4 Bf8 14. Qf3 Nc5 15. Bf4 Nxb3 16. Nxb3 Nd7 17. Qg3 Kh8 18. Rad1 Ne5 19. Nd4 Bd7 20. Bc1 Qd8 21. f4 Ng6 22. Nf3 Qb6+ 23. Kh1 Rad8 24. h4 Ne7 25. b3 Ng8 26. Be3 Qc7 27. Bd4 Bc8 28. f5 Nf6 29. Bxf6 gxf6 30. Qf2 Bg7 31. Rd3 d5 32. exd5 Bxf5 33. d6 Qd7 34. Rdd1 Bg6 35. Rd2 Re6 36. Rxe6 Qxe6 37. Qc5 Bf8 38. h5 Bh7 39. Qxa5 Rxd6 40. Re2 Qc8 41. Qb6 Kg7 42. Qf2 Qg4 43. Qh4 Qxh4+ 44. Nxh4 Rd4 45. Nf3 Rd7 46. g4 Bb4 47. Na2 Bf8 48. Nc3 f5 49. gxf5 Bxf5 50. Kg2 f6 51. Na2 Bg4 52. Re4 Bxh5 53. Nd4 Kf7 54. b4 Bg6 55. Rh4 Bxc2 56. a5 f5 0-1

[Event "Dubai Police op-A"]
[White "Gu, Xianghan"]
[Black "Murzin, Volodar"]
[Site "Dubai"]
[Round "3"]
[Result "0-1"]
[Date "2024.05.06"]
[WhiteElo "2344"]
[BlackElo "2634"]
[PlyCount "74"]
[EventDate "2024.05.04"]
[EventType "swiss"]
[EventRounds "9"]
[EventCountry "UAE"]
[SourceTitle "CBM 220 Extra"]
[Source "ChessBase"]
[SourceDate "2024.07.31"]
[SourceVersion "1"]
[SourceVersionDate "2024.07.31"]
[SourceQuality "1"]

1. d4 Nf6 2. c4 g6 3. Nc3 Bg7 4. e4 d6 5. Nf3 0-0 6. Be2 Nbd7 7. 0-0 e5 8. Be3 Ng4 9. Bg5 f6 10. Bd2 f5 11. Bg5 Ngf6 12. Qc2 h6 13. Bd2 f4 14. dxe5 dxe5 15. c5 c6 16. Bc4+ Kh8 17. b4 Nh7 18. Rad1 Qe7 19. Qb3 g5 20. h3 h5 21. Bc1 g4 22. hxg4 hxg4 23. Nh2 Qh4 24. Be6 Ndf6 25. Bxc8 Raxc8 26. Rd3 Ng5 27. Re1 Rcd8 28. Rxd8 Rxd8 29. Rd1 Rf8 30. Qc2 Bh6 31. Qd3 g3 32. Nf3 Nxf3+ 33. Qxf3 Ng4 34. Rd2 gxf2+ 35. Rxf2 Qh2+ 36. Kf1 Qh1+ 37. Ke2 Nxf2 0-1

[Event "Budapest FS02 IM-2"]
[White "Balint, Vilmos"]
[Black "Gu, Xianghan"]
[Site "Budapest"]
[Round "3"]
[Result "0-1"]
[Date "2024.02.17"]
[WhiteElo "2191"]
[BlackElo "2157"]
[PlyCount "114"]
[EventDate "2024.02.15"]
[EventType "tourn"]
[EventRounds "9"]
[EventCountry "HUN"]
[EventCategory "4"]
[SourceTitle "CBM 218 Extra"]
[Source "ChessBase"]
[SourceDate "2024.03.31"]
[SourceVersion "1"]
[SourceVersionDate "2024.03.31"]
[SourceQuality "1"]

1. e4 c5 2. Nf3 d6 3. d4 cxd4 4. Nxd4 Nf6 5. Nc3 Nc6 6. h3 e5 7. Nf3 Be7 8. Bc4 0-0 9. Bg5 Be6 10. Bb3 Nd7 11. Bxe7 Qxe7 12. Qd2 Nc5 13. Bd5 Rfd8 14. a3 Rac8 15. 0-0 Nd7 16. Rfd1 Nf6 17. Qe3 a6 18. Kh2 Qc7 19. Rd3 Bxd5 20. exd5 Ne7 21. Rad1 b5 22. Nxe5 Re8 23. Ng4 Nxg4+ 24. hxg4 Ng6 25. Qg3 Ne5 26. Re3 Nc4 27. Rxe8+ Rxe8 28. Rd4 Nxb2 29. Ne4 Nc4 30. g5 Kh8 31. a4 Qa7 32. c3 Qe7 33. axb5 axb5 34. f4 Qd7 35. Qh3 Qxh3+ 36. Kxh3 h6 37. Kh4 Kh7 38. gxh6 Kxh6 39. g4 g6 40. Nf6 Rh8 41. Re4 Rc8 42. g5+ Kg7 43. Kg4 Kf8 44. Re2 Ra8 45. Kf3 Nb6 46. Ke4 Rc8 47. Kd4 Na4 48. Rc2 Rc4+ 49. Kd3 Nc5+ 50. Ke3 Ke7 51. Kf3 Kd8 52. Re2 Rxc3+ 53. Kg2 b4 54. Re8+ Kc7 55. Re7+ Kb6 56. Rxf7 b3 57. Nd7+ Nxd7 0-1

[Event "Budapest FS02 IM"]
[White "Gu, Xianghan"]
[Black "Palczert, Matyas"]
[Site "Budapest"]
[Round "5"]
[Result "1/2-1/2"]
[Date "2024.02.07"]
[WhiteElo "2157"]
[BlackElo "2299"]
[PlyCount "81"]
[EventDate "2024.02.03"]
[EventType "schev"]
[EventRounds "9"]
[EventCountry "HUN"]
[SourceTitle "CBM 218 Extra"]
[Source "ChessBase"]
[SourceDate "2024.03.31"]
[SourceVersion "1"]
[SourceVersionDate "2024.03.31"]
[SourceQuality "1"]

1. d4 d5 2. c4 e6 3. Nc3 h6 4. Bf4 Nf6 5. c5 Be7 6. e3 0-0 7. h4 b6 8. g4 Nxg4 9. Qxg4 e5 10. Qf3 exf4 11. Nxd5 c6 12. Nxe7+ Qxe7 13. Qxf4 bxc5 14. 0-0-0 cxd4 15. Qxd4 Nd7 16. Nf3 Nf6 17. Rg1 Be6 18. Bc4 Rfd8 19. Qc3 Rxd1+ 20. Rxd1 Bxc4 21. Qxc4 Qe4 22. Nd2 Qg2 23. Qf4 Rd8 24. Qf3 Qg6 25. e4 Ng4 26. Qg3 Qe6 27. f4 h5 28. a3 Qd6 29. e5 Qd4 30. Qc3 Qxf4 31. e6 fxe6 32. Re1 Nf6 33. Rxe6 Rxd2 34. Rxf6 gxf6 35. Qxd2 Qxd2+ 36. Kxd2 Kf7 37. Ke3 Ke6 38. Kf4 a5 39. a4 f5 40. Kg5 c5 41. Kxh5 1/2-1/2

[Event "Wch U18"]
[White "Gu, Xianghan"]
[Black "Kristoferitsch, Daniel"]
[Site "Montesilvano"]
[Round "8"]
[Result "1/2-1/2"]
[Date "2023.11.21"]
[WhiteElo "2049"]
[BlackElo "2270"]
[PlyCount "53"]
[EventDate "2023.11.13"]
[EventType "swiss"]
[EventRounds "11"]
[EventCountry "ITA"]
[SourceTitle "EXT 2025"]
[Source "ChessBase"]
[SourceDate "2024.10.14"]
[SourceVersion "1"]
[SourceVersionDate "2024.10.14"]
[SourceQuality "1"]

1. d4 Nf6 2. Nf3 d5 3. c4 e6 4. g3 Bb4+ 5. Bd2 Bd6 6. Bg2 c6 7. Qc2 Nbd7 8. 0-0 0-0 9. Rd1 Ne4 10. Nc3 f5 11. Bf4 Be7 12. Ne5 g5 13. Nxd7 Bxd7 14. Be5 Be8 15. Nxe4 fxe4 16. f3 exf3 17. Bxf3 Bg6 18. Qc3 Qe8 19. Re1 Bh5 20. Bg2 Qf7 21. Rf1 Qg6 22. Rxf8+ Rxf8 23. Re1 Qf7 24. Rf1 Qg6 25. Re1 Qf7 26. Rf1 Qg6 27. Re1 1/2-1/2

[Event "Wch U18"]
[White "Talibov, Shiroghlan"]
[Black "Gu, Xianghan"]
[Site "Montesilvano"]
[Round "2"]
[Result "1/2-1/2"]
[Date "2023.11.14"]
[WhiteElo "2362"]
[BlackElo "2049"]
[PlyCount "117"]
[EventDate "2023.11.13"]
[EventType "swiss"]
[EventRounds "11"]
[EventCountry "ITA"]
[SourceTitle "EXT 2025"]
[Source "ChessBase"]
[SourceDate "2024.10.14"]
[SourceVersion "1"]
[SourceVersionDate "2024.10.14"]
[SourceQuality "1"]

1. e4 d6 2. d4 Nf6 3. Nc3 e5 4. Nf3 exd4 5. Nxd4 Be7 6. g3 d5 7. e5 Ng4 8. Bg2 Nxe5 9. Qe2 Nec6 10. Be3 Nxd4 11. Bxd4 0-0 12. Nxd5 Bb4+ 13. Nxb4 Qxd4 14. Nd5 Qxb2 15. 0-0 Nc6 16. Nxc7 Rb8 17. Rab1 Qc3 18. Qe4 Qa5 19. Qf4 Bd7 20. a4 Ne5 21. Nb5 Ng6 22. Qb4 Qxb4 23. Rxb4 Rfc8 24. Nxa7 Rxc2 25. Rd1 Nf8 26. Ra1 Ne6 27. Be4 Rc3 28. Nb5 Bxb5 29. Rxb5 Nc5 30. Bd5 Ra8 31. a5 Ra7 32. a6 Rxa6 33. Rxa6 Nxa6 34. Rxb7 g6 35. Bxf7+ Kh8 36. Rb6 Nc5 37. h4 Kg7 38. Bd5 Rd3 39. Bc4 Rc3 40. Be2 Ne4 41. Rb7+ Kg8 42. Bg4 Kh8 43. Kg2 Rc2 44. Rf7 Nd6 45. Rf4 Rc4 46. Kf3 Rxf4+ 47. Kxf4 Kg7 48. Ke5 Ne8 49. Bd7 Nf6 50. Be6 h6 51. g4 Nh7 52. f3 Nf6 53. g5 hxg5 54. hxg5 Nh7 55. f4 Nf8 56. Kd6 Nh7 57. Ke7 Nf8 58. Bc4 Nh7 59. Bd3 1/2-1/2

[Event "Tianjin Binhai Cup-A 3rd"]
[White "Hu, Zehua"]
[Black "Gu, Xianghan"]
[Site "Tianjin"]
[Round "5"]
[Result "1/2-1/2"]
[Date "2023.08.22"]
[WhiteElo "1965"]
[BlackElo "1989"]
[PlyCount "82"]
[EventDate "2023.08.20"]
[EventType "swiss"]
[EventRounds "9"]
[EventCountry "CHN"]
[SourceTitle "CBM 215 Extra"]
[Source "ChessBase"]
[SourceDate "2023.09.30"]
[SourceVersion "1"]
[SourceVersionDate "2023.09.30"]
[SourceQuality "1"]

1. Nf3 d6 2. d4 Nf6 3. c4 Nbd7 4. Nc3 e5 5. g3 c6 6. e4 Be7 7. Bg2 0-0 8. 0-0 a6 9. a4 a5 10. h3 Re8 11. Re1 Bf8 12. Be3 exd4 13. Nxd4 Nc5 14. Qc2 Qb6 15. b3 Bd7 16. Rad1 Rad8 17. Bg5 Be7 18. e5 dxe5 19. Rxe5 h6 20. Be3 Bf8 21. Rxe8 Rxe8 22. Kh2 Bc8 23. Nce2 Nfe4 24. Nc3 Nf6 25. Nce2 Nfe4 26. Nc3 f5 27. Nxe4 fxe4 28. Qc3 Qb4 29. Bd2 Nd3 30. Qxd3 exd3 31. Bxb4 Bxb4 32. Rxd3 Rd8 33. Be4 Bc5 34. Nf5 Rxd3 35. Bxd3 Bxf5 36. Bxf5 Bxf2 37. Kg2 Be1 38. c5 Bb4 39. Bc8 Bxc5 40. Bxb7 Kf7 41. Bxc6 g5 1/2-1/2

[Event "Daqing Boyi Cup-A"]
[White "Wang, Qinxuanyi"]
[Black "Gu, Xianghan"]
[Site "Daqing"]
[Round "4"]
[Result "1/2-1/2"]
[Date "2023.08.14"]
[WhiteElo "2032"]
[BlackElo "1989"]
[PlyCount "92"]
[EventDate "2023.08.13"]
[EventType "swiss"]
[EventRounds "9"]
[EventCountry "CHN"]
[SourceTitle "EXT 2024"]
[Source "ChessBase"]
[SourceDate "2023.10.10"]
[SourceVersion "1"]
[SourceVersionDate "2023.10.10"]
[SourceQuality "1"]

1. d4 d6 2. e4 Nf6 3. Nc3 e5 4. dxe5 dxe5 5. Qxd8+ Kxd8 6. Bc4 Be6 7. Bxe6 fxe6 8. Nf3 Bd6 9. Be3 Nbd7 10. 0-0-0 Ke7 11. Nd2 a6 12. f3 h6 13. Nc4 b5 14. Na5 Kf7 15. Ne2 Rhc8 16. Kb1 Bf8 17. g4 Bb4 18. Nc6 Bd6 19. h4 Ng8 20. f4 Ngf6 21. fxe5 Nxe5 22. Nxe5+ Bxe5 23. Bf4 Bxf4 24. Nxf4 e5 25. Nh5 Rd8 26. Rdf1 Kg6 27. Nxf6 gxf6 28. Rf5 Rd4 29. g5 hxg5 30. hxg5 Rxe4 31. Rxf6+ Kxg5 32. Rf7 Rf4 33. Rg1+ Kh6 34. Rxc7 Raf8 35. Kc1 Rf1+ 36. Rxf1 Rxf1+ 37. Kd2 Kg5 38. Rg7+ Kf6 39. Ra7 Rf2+ 40. Kd3 e4+ 41. Kxe4 Rxc2 42. Rxa6+ Ke7 43. b3 Kd7 44. Kd3 Rc5 45. Rh6 Kc7 46. Rh4 Kb6 1/2-1/2

[Event "CHN-ch U20"]
[White "Gu, Xianghan"]
[Black "Liu, Aiwei"]
[Site "Shenzhen"]
[Round "8"]
[Result "1-0"]
[Date "2023.07.31"]
[WhiteElo "1989"]
[BlackElo "1923"]
[PlyCount "171"]
[EventDate "2023.07.28"]
[EventType "swiss"]
[EventRounds "11"]
[EventCountry "CHN"]
[SourceTitle "CBM 215 Extra"]
[Source "ChessBase"]
[SourceDate "2023.09.30"]
[SourceVersion "1"]
[SourceVersionDate "2023.09.30"]
[SourceQuality "1"]

1. e4 e5 2. d4 exd4 3. Qxd4 Nc6 4. Qe3 Bb4+ 5. Bd2 Bxd2+ 6. Nxd2 d6 7. Bc4 Qe7 8. 0-0-0 Be6 9. Ne2 Nf6 10. Nf4 Bxc4 11. Nxc4 0-0-0 12. Rhe1 Rhe8 13. f3 Kb8 14. Qc3 Rd7 15. a3 Qd8 16. Ne3 Re5 17. Kb1 h6 18. Nc4 Re8 19. Nd5 Re6 20. Nce3 a6 21. Nf5 Qf8 22. h4 Re5 23. Nxf6 gxf6 24. h5 Ne7 25. f4 Rc5 26. Qxf6 Nxf5 27. exf5 d5 28. g4 Rb5 29. c4 Rb6 30. Re6 Rb3 31. Ka2 Qc5 32. Re8+ Ka7 33. Qd4 Qxd4 34. Rxd4 Rg3 35. g5 hxg5 36. h6 f6 37. Rxd5 Rh7 38. c5 b5 39. Rdd8 Kb7 40. fxg5 Rxg5 41. Rb8+ Kc6 42. Re6+ Kxc5 43. Rxf6 Rh5 44. Rxa6 c6 45. b4+ Kd6 46. Rxb5 R7xh6 47. Rc5 Rh2+ 48. Kb3 Kc7 49. Ra7+ Kd6 50. Rg7 Rf2 51. Ka4 Rf3 52. Ka5 Rxa3+ 53. Kb6 Rh8 54. Rxc6+ Ke5 55. Rc5+ Kf4 56. f6 Rf8 57. Rc6 Kf5 58. b5 Rb3 59. Rb7 Rxf6 60. Rxf6+ Kxf6 61. Rd7 Ke6 62. Rd1 Ke7 63. Kc6 Ke8 64. b6 Rc3+ 65. Kb7 Rb3 66. Kc7 Rc3+ 67. Kb8 Ke7 68. b7 Ra3 69. Rd4 Ra1 70. Kc7 Rc1+ 71. Kb6 Rb1+ 72. Ka6 Ke8 73. Ra4 Kd7 74. Ka7 Rb5 75. b8Q Rxb8 76. Kxb8 Kc6 77. Ra7 Kb6 78. Rc7 Kb5 79. Kb7 Ka5 80. Rc5+ Kb4 81. Kb6 Kb3 82. Kb5 Ka2 83. Kb4 Ka1 84. Rc2 Kb1 85. Kb3 Ka1 86. Rc1# 1-0

[Event "CHN-ch U20"]
[White "Gu, Xianghan"]
[Black "Wu, Ziyang"]
[Site "Shenzhen"]
[Round "2"]
[Result "1-0"]
[Date "2023.07.28"]
[WhiteElo "1989"]
[BlackElo "1654"]
[PlyCount "40"]
[EventDate "2023.07.28"]
[EventType "swiss"]
[EventRounds "11"]
[EventCountry "CHN"]
[SourceTitle "CBM 215 Extra"]
[Source "ChessBase"]
[SourceDate "2023.09.30"]
[SourceVersion "1"]
[SourceVersionDate "2023.09.30"]
[SourceQuality "1"]

1. e4 c5 2. g3 g6 3. Bg2 Bg7 4. Ne2 Nc6 5. 0-0 e6 6. c3 Nge7 7. d3 0-0 8. Be3 d6 9. d4 cxd4 10. Nxd4 d5 11. exd5 Nxd5 12. Nxc6 bxc6 13. Bc5 Re8 14. Nd2 Qc7 15. Qa4 Bb7 16. Rfe1 Bf8 17. Nb3 Bxc5 18. Nxc5 Qb6 19. Qa3 Nf6 20. Rad1 Rad8 1-0

[Event "CHN-ch U20"]
[White "Liu, Zimin"]
[Black "Gu, Xianghan"]
[Site "Shenzhen"]
[Round "1"]
[Result "1/2-1/2"]
[Date "2023.07.28"]
[WhiteElo "1548"]
[BlackElo "1989"]
[PlyCount "72"]
[EventDate "2023.07.28"]
[EventType "swiss"]
[EventRounds "11"]
[EventCountry "CHN"]
[SourceTitle "CBM 215 Extra"]
[Source "ChessBase"]
[SourceDate "2023.09.30"]
[SourceVersion "1"]
[SourceVersionDate "2023.09.30"]
[SourceQuality "1"]

1. d4 d6 2. c4 e5 3. d5 g6 4. Nc3 Nd7 5. e4 h5 6. g3 a5 7. Bg2 Bh6 8. Nge2 Bxc1 9. Nxc1 h4 10. Nd3 b6 11. b3 Nc5 12. Qc2 Qg5 13. Nxc5 bxc5 14. Nb5 Kd8 15. Qc3 Rh7 16. 0-0 hxg3 17. Qxg3 f6 18. f4 exf4 19. Rxf4 Qxg3 20. hxg3 a4 21. b4 cxb4 22. Rb1 b3 23. axb3 axb3 24. Rxb3 Ra1+ 25. Rf1 Rxf1+ 26. Bxf1 f5 27. exf5 Bxf5 28. Na7 Ke7 29. Rb7 Kf6 30. Nb5 Ke5 31. Rxc7 Rxc7 32. Nxc7 Nf6 33. Nb5 Ne4 34. Kg2 g5 35. Bd3 Nxg3 36. Kxg3 Bxd3 1/2-1/2